• 首页
  • 本馆介绍
  • 公告通知
  • 最新文献
  • 馆藏检索
  • 电子资源
  • 读者导购
  • 参考咨询
  • 我的图书馆
  • 登录
  • 详细信息显示
  • 放入我的书架
  • 预约/预借图书
  • 作者相关作品
  • 分类相关作品
  • 丛书相关作品
  • 出版社相关作品

书目信息

  • 表格格式
  • 工作单格式
  • 卡片格式
题名:
流动的盛宴
    
 
作者: 海明威 著 ;马永波 , 毕国菊 , 曲学麟 译
分册:  
出版信息: 南京   江苏文艺出版社  2013
页数: 362页
开本: 21cm
丛书名: 诺贝尔文学奖获奖者散文丛书
单 册:
中图分类: K837.125.6=533 , I712.65 , K837.12
科图分类:
主题词: 游记--you ji--美国--现代 , 作家--zuo jia--回忆录--美国--现代
电子资源:
ISBN: 978-7-5399-5701-2
000 01514nam 2200337 450
001 2371239857
005 20231109110041.14
010    @a978-7-5399-5701-2@dCNY59.00
092    @aCN@b三新SK962-1425
100    @a20130418d2013 em y0chiy50 ea
101 1  @achi@ceng
102    @aCN@b320000
105    @ay z 000cy
200 1  @a流动的盛宴@Aliu dong de sheng yan@f(美) 欧内斯特·海明威著@g马永波, 毕国菊, 曲学麟译
210    @a南京@c江苏文艺出版社@d2013
215    @a362页@d21cm
225 2  @a诺贝尔文学奖获奖者散文丛书@Anuo bei er wen xue jiang huo jiang zhe san wen cong shu
330    @a本书收录了《福特·马多克斯·福特和魔鬼的门徒》; 《一个新流派的诞生》; 《与帕斯金在穹顶咖啡馆》; 《埃兹拉·庞德和他 的“才智之士”》; 《一个十分奇怪的结局》; 《被烙上死亡印记的人》 ; 《埃文·希普曼在丁香园咖啡馆》; 《一个邪恶的特工人员》; 《司各 特·菲茨杰拉德》; 《鹰不与他人共享》; 《尺寸问题》; 《巴黎永远没 有尽头》等作品。
410  0 @12001 @a诺贝尔文学奖获奖者散文丛书
600  1 @a海明威@Ahai ming wei@g(Hemingway, Ernest),@f1899-1961@x回忆录
606 0  @a游记@Ayou ji@y美国@z现代
606 0  @a作家@Azuo jia@x回忆录@y美国@z现代
690    @aK837.125.6=533@v5
690    @aI712.65@v5
690    @aK837.12@v4
701  1 @a海明威@AHaimingwei@g(Hemingway, Ernest),@f1899-1961@4著@3CAL n2004370071#@7jt0yjt0y@7ec0yec0y
702  0 @a马永波@Ama yong bo@4译
702  0 @a毕国菊@Abi guo ju@4译
702  0 @a曲学麟@Aqu xue lin@4译
801  0 @aCN@b山东中教@c20230926
905    @aBZT@dK837.12@e39
    
    流动的盛宴/(美) 欧内斯特·海明威著/马永波, 毕国菊, 曲学麟译.-南京:江苏文艺出版社,2013
    362页;21cm.-(诺贝尔文学奖获奖者散文丛书)
    
    
    ISBN 978-7-5399-5701-2:CNY59.00
    本书收录了《福特·马多克斯·福特和魔鬼的门徒》; 《一个新流派的诞生》; 《与帕斯金在穹顶咖啡馆》; 《埃兹拉·庞德和他 的“才智之士”》; 《一个十分奇怪的结局》; 《被烙上死亡印记的人》 ; 《埃文·希普曼在丁香园咖啡馆》; 《一个邪恶的特工人员》; 《司各 特·菲茨杰拉德》; 《鹰不与他人共享》; 《尺寸问题》; 《巴黎永远没 有尽头》等作品。
●
相关链接 在五车中查询图书 在当当中查询图书 在豆瓣中查询图书


正题名:流动的盛宴     索取号:K837.12/39         预约/预借

序号 登录号 条形码 馆藏地/架位号 状态 备注
1 2000965623   2000965623   第四书库/四30架B面6层2列/ [索取号:K837.12/39] 在馆    
2 2000965624   2000965624   第四书库/四30架B面6层2列/ [索取号:K837.12/39] 在馆    
3 2000965625   2000965625   第四书库/四30架B面6层2列/ [索取号:K837.12/39] 在馆    
4 2000965626   2000965626   第四书库/四30架B面6层2列/ [索取号:K837.12/39] 在馆    
5 2000965627   2000965627   第四书库/四30架B面6层2列/ [索取号:K837.12/39] 在馆    
6 2000965628   2000965628   第四书库/四30架B面6层2列/ [索取号:K837.12/39] 在馆    
山东省滨州职业学院图书馆 欢迎您!
大连网信软件有限公司© 版权所有